Fundamentals of entomology /
| Main Author: | |
|---|---|
| Format: | Book |
| Published: |
Upper Saddle River, N.J. : :
Pearson/Prentice Hall, ,
c2004.
|
| Edition: | 6th ed. |
| Subjects: |
MARC
| LEADER | 00000cam a2200000 7i4500 | ||
|---|---|---|---|
| 001 | 0000003137 | ||
| 005 | 20050216.0 | ||
| 020 | 0 | 0 | |a 0130480304 |
| 090 | 0 | 0 | |a 595.7 |b RJE |
| 100 | 1 | 1 | |a Elzinga, Richard J., , |d 1931- |
| 245 | 0 | 0 | |a Fundamentals of entomology / |c Richard J. Elzinga |
| 250 | 0 | 0 | |a 6th ed. |
| 260 | 0 | 0 | |a Upper Saddle River, N.J. : : |b Pearson/Prentice Hall, , |c c2004. |
| 300 | |a xii, 512 p. : : |b ill. ; ; |c 25 cm. | ||
| 650 | 0 | 0 | |a Entomology. |
| 999 | |a 0000005848 |b Monograph |c Open Shelf |e Default branch | ||